000 00718nam a22001937a 4500
005 20241111193757.0
008 241111b |||||||| |||| 00| 0 eng d
020 _a1567063519 (hardback)
050 _aKF3510.
_bZ9I525 1997
245 _aIndividual Retirement Account Answer Book /
_cby; Donald R. Levy; Steven G. Lockwood edited by; Gary S. Lesser, Ellen T. Lyons
250 _aThird Ed.
_bThe Pension Answer Book Series
260 _aNew York
_bPanel Publishers/Aspen Publishers, Inc.
_cc1997
300 _alxxx,
_billustrations
_c24cm
700 _aDonald R. Levy
_cJD, MBA
700 _aSteven G. Lockwood
_cJD, LLM
700 _aGary S. Lesser
_cJD
700 _aEllen T. Lyons
_cJD
942 _2lcc
_cBK
_e3rd Ed.
_n0
999 _c1035
_d1035